[Event "Provincial-ch Valencia Primera"]
[Site "Valencia"]
[Date "2009.11.14"]
[Round "5"]
[White "Torres Curado, Ruben"]
[Black "Wahieb Hussein, Faisal"]
[Result "1-0"]
[WhiteElo "1780"]
[BlackElo "1767"]
[PlyCount "73"]
[EventDate "2009.10.03"]
[EventType "swiss"]
[EventRounds "7"]
[EventCountry "ESP"]
[SourceTitle "EXT 2024"]
[Source "ChessBase"]
[SourceDate "2023.10.10"]
[SourceVersion "1"]
[SourceVersionDate "2023.10.10"]
[SourceQuality "1"]

1. d4 g6 2. c4 Bg7 3. Nc3 c5 4. d5 d6 5. e4 Nf6 6. f4 a6 7. Nf3 Bg4 8. Bd3 0-0 9. 0-0 Bd7 10. h3 b5 11. Qc2 b4 12. Ne2 a5 13. e5 Ne8 14. Be3 Na6 15. Rae1 Qc7 16. Nc1 a4 17. g4 Qb6 18. b3 Nac7 19. Qh2 axb3 20. axb3 e6 21. dxe6 fxe6 22. h4 d5 23. h5 Kf7 24. hxg6+ hxg6 25. Ng5+ Ke7 26. Bxg6 Kd8 27. Qh4 Kc8 28. Nd3 d4 29. Bd2 Ra2 30. Qf2 Qb7 31. Nxc5 Qb6 32. Nd3 Rh8 33. Ra1 Qb7 34. Be4 Qa7 35. Rxa2 Qxa2 36. Nc1 Qa5 37. Qxd4 1-0

[Event "Provincial-ch Valencia Primera"]
[Site "Valencia"]
[Date "2009.10.31"]
[Round "3"]
[White "Torres Curado, Ruben"]
[Black "Gomez Portillo, Salvador"]
[Result "0-1"]
[WhiteElo "1780"]
[BlackElo "1816"]
[PlyCount "104"]
[EventDate "2009.10.03"]
[EventType "swiss"]
[EventRounds "7"]
[EventCountry "ESP"]
[SourceTitle "EXT 2024"]
[Source "ChessBase"]
[SourceDate "2023.10.10"]
[SourceVersion "1"]
[SourceVersionDate "2023.10.10"]
[SourceQuality "1"]

1. d4 d5 2. e3 Nf6 3. c4 e6 4. Nc3 c6 5. Nf3 Bb4 6. Bd2 Nbd7 7. a3 Bxc3 8. Bxc3 b6 9. Bd3 Bb7 10. b4 dxc4 11. Bxc4 Qc7 12. 0-0 c5 13. dxc5 bxc5 14. Bb5 0-0 15. Bxd7 Nxd7 16. bxc5 Rfd8 17. Qe2 Nxc5 18. Bb4 Ba6 19. Qc2 Bxf1 20. Rxf1 Na6 21. Qxc7 Nxc7 22. Ba5 Rdc8 23. h3 Nd5 24. Nd4 Rab8 25. e4 Nc3 26. f3 Rb1 27. Rxb1 Nxb1 28. Bb4 a5 29. Bxa5 Nxa3 30. Bb4 Nc2 31. Nxc2 Rxc2 32. Bd6 g6 33. Be5 Kf8 34. Bf6 Ke8 35. Kh2 Kd7 36. h4 Kc6 37. Kh3 Kd6 38. g4 e5 39. h5 gxh5 40. gxh5 Ke6 41. Bg7 f5 42. exf5+ Kxf5 43. Bh6 Rc3 44. Kg2 e4 45. fxe4+ Kg4 46. Bg7 Rc2+ 47. Kg1 Kxh5 48. e5 Kg6 49. Bf6 h5 50. Bh4 Rc4 51. Bg3 Kf5 52. Kg2 Kg4 0-1

[Event "Provincial-ch Valencia Primera"]
[Site "Valencia"]
[Date "2009.10.03"]
[Round "1"]
[White "Torres Curado, Ruben"]
[Black "Tamarit Palanca, Jesus"]
[Result "1-0"]
[WhiteElo "1780"]
[BlackElo "1777"]
[PlyCount "49"]
[EventDate "2009.10.03"]
[EventType "swiss"]
[EventRounds "7"]
[EventCountry "ESP"]
[SourceTitle "EXT 2024"]
[Source "ChessBase"]
[SourceDate "2023.10.10"]
[SourceVersion "1"]
[SourceVersionDate "2023.10.10"]
[SourceQuality "1"]

1. d4 Nf6 2. Nf3 d5 3. c4 c6 4. Nc3 e6 5. e3 Be7 6. Bd3 dxc4 7. Bxc4 0-0 8. Ne5 b5 9. Bd3 Bb7 10. 0-0 Nbd7 11. f4 Re8 12. Bd2 Bf8 13. Rc1 Rc8 14. a3 a5 15. Qf3 Rc7 16. Qh3 g6 17. g4 Bg7 18. g5 Nxe5 19. fxe5 Nd7 20. Ne4 Nxe5 21. Nf6+ Bxf6 22. gxf6 Qd6 23. dxe5 Qf8 24. Bxa5 Rd7 25. Bb4 1-0